000 00616nam a2200229Ia 4500
003 OSt
005 20221007081825.0
006 a|||||r|||| 00| 0
007 ta
008 221006b |||||||| |||| 00| 0 eng d
024 _a15,820
037 _cTextual
040 _aFLL
_cFLL
_beng
041 _2eng
_aeng
082 _aX72:2.N7, L9
100 _aGhuge V.B. Ed.
_9698124
245 0 _aStates taxation in indian federation
260 _aPoona
_bMehta publishing house India
_c1979
300 _a191p
_ccm.
942 _hX72:2.N7, L9
_cTEXL
_2CC
999 _c1164386
_d1164386